000 00865nam a2200265Ia 4500
003 OSt
005 20221005091844.0
006 a|||||r|||| 00| 0
007 ta
008 221004b |||||||| |||| 00| 0 eng d
020 _a9781433105258 (hbk)
_c3985.58
024 _a95040
037 _b27459, 31/03/2009, Segment Book Distributors
_cTextual
040 _aCRL
_cCRL
_beng
041 _2eng
_aeng
082 _aR4,(Q6), P9
100 _aHughes Richard A.
_9616628
245 0 _aRPro - justice ethics
_b From lament to noviolence
260 _aNew York
_bPeter Lang U.S.A
_c2009
300 _axiii, 267p.
_ccm.
490 _aAmerican University Studies Series V Philosophy; Vol. 205
650 _aPHILOSOPHY
942 _hR4,(Q6), P9
_cTEXL
_2cc
999 _c997898
_d997898